| 000 | 00763nam a2200205Ia 4500 | ||
|---|---|---|---|
| 001 | 9366 | ||
| 003 | GE_BSU | ||
| 008 | 181216s||||||||xx |||||||||||||| ||und|| | ||
| 040 | _cGE_BSU | ||
| 080 | _a821.353.1-1+821.353.1-11 | ||
| 100 | _aმალაზონია,ნესტორ | ||
| 245 | _aლექსები,პოემები | ||
| 245 | _cწინასიტყვ. პაიჭაძე ნ. რედ.ალ.ჩავლეიშვილი,მხატვ.მ.ჩარგეიშვილი | ||
| 260 | _aბათუმი | ||
| 260 | _bაჭარის სახელგამი | ||
| 260 | _c1955 | ||
| 300 | _a308გვ.1ფ.პორტრ.20სმ. | ||
| 653 | _aლექსები,პოემები | ||
| 942 | _cBK | ||
| 999 |
_c42662 _d42662 |
||